00442 a2200205 4500260001100000630001800011037001400029650003900043100001600082260001700098245003800115300001100153650001400164260000900178300000900187100000700196037001100203037001100214037001100225 aMoscou a57 - Biologie b3, Resbus a5 - SCIENCES EXACTES ET NATURELLES aRakipov, N. bEditions MIR aBiochimie des cultures tropicales a335 p. aBiochimie c1987 b23cm lFr aS 3655 aS 3656 aS 3657